Countries That Consume the Most Junk/Fast Food - Statistics

General Stats
  • This quiz has been taken 673 times
  • The average score is 7 of 10
Answer Stats
Hint Answer % Correct
1. US
98%
3. (tim hortons) Canada
90%
4. UK
89%
2. France
83%
8. Germany
80%
6. Japan
73%
5. South Korea
43%
10. Sweden
38%
9. Switzerland
30%
7. Austria
28%
No matching quizzes found
Score Distribution
Percent of People with Each Score
Percentile by Number Answered
Your Score History
You have not taken this quiz